Teoría de la planificación económica: los fundamentos de la política económica

Uloženo v:
Podrobná bibliografie
Hlavní autor: Lewis, W. Arthur (Autor)
Médium: Kniha
Jazyk:španělština
Vydáno: Ciudad de México Fondo de Cultura Económica 1968
Vydání:1a. ed
Edice:Sección de Obras de Economía
Témata:
Tagy: Přidat tag
Žádné tagy, Buďte první, kdo vytvoří štítek k tomuto záznamu!

MARC

LEADER 00000nam a2200000 a 4500
001 UCK1367
003 CL-VaPUC
008 041112e19680000MX |||||||||||||||||spa|d
082 0 4 |a 338.9  |b LEW  |2 21 
100 |a Lewis, W. Arthur  |e author  |9 489146 
245 1 0 |a Teoría de la planificación económica: los fundamentos de la política económica 
250 |a 1a. ed 
300 |a 285 p 
942 |c BK 
945 |d 20041112 00:00:00  |a cmena 
260 |a Ciudad de México  |b Fondo de Cultura Económica  |c 1968 
650 7 |a PLANIFICACION ECONOMICA  |2 CL-VaPUC  |9 321496 
650 0 |a Economía financiera  |9 359635 
650 0 |a Economía internacional  |9 258254 
650 0 |a Dinero  |9 314331 
650 0 |a Inversiones  |9 261520 
583 |a last modification  |c 20041112 00:00:00  |k Rodrigo Vera 
490 0 |a Sección de Obras de Economía 
999 |c 311338  |d 311336 
952 |0 0  |1 0  |4 0  |6 338_900000000000000_LEW_1968  |7 0  |8 A  |9 380715  |a BIBGIM  |b BIBGIM  |d 2019-11-21  |i 4076885  |o 338.9 LEW 1968  |p 4076885  |r 2025-01-15  |w 2019-11-21  |y BK  |k GIM